[Event "NOR-chT Eliteserien 2018-19"]
[Site "Norway"]
[Date "2019.03.08"]
[Round "7.8"]
[White "Djurhuus, Rune"]
[Black "Mihajlov, Sebastian"]
[Result "1/2-1/2"]
[WhiteElo "2457"]
[BlackElo "2363"]
[Annotator "RC"]
[PlyCount "81"]
[EventDate "2018.11.02"]
[EventType "team-tourn"]
[EventCountry "NOR"]
[SourceTitle "playchess.com"]
[Source "ChessBase"]
[SourceQuality "1"]
[TimeControl "40/5400+30:1800+30"]

1. d4 {[%emt 0:00:00]} d5 {[%emt 0:00:00]} 2. c4 {[%emt 0:00:28]} c6 {[%emt 0:00:05]} 3. Nf3 {[%emt 0:00:11]} Nf6 {[%emt 0:00:08]} 4. Nc3 {[%emt 0:00:08]} e6 {[%emt 0:02:56]} 5. e3 {[%emt 0:00:50]} Nbd7 {[%emt 0:00:07]} 6. Qc2 {[%emt 0:00:40]} Bd6 {[%emt 0:00:11]} 7. Bd2 {[%emt 0:01:33]} O-O {[%emt 0:00:41]} 8. e4 {[%emt 0:02:26]} dxe4 {[%emt 0:02:08]} 9. Nxe4 {[%emt 0:00:07]} Nxe4 {[%emt 0:00:05]} 10. Qxe4 {[%emt 0:00:03]} e5 {[%emt 0:04:39]} 11. dxe5 {[%emt 0:05:26]} Nxe5 {[%emt 0:00:34]} 12. O-O-O {[%emt 0:00:42]} Nxf3 {[%emt 0:01:04]} 13. Qxf3 {[%emt 0:00:34]} Be5 {[%emt 0:01:28]} 14. Bf4 {[%emt 0:06:26]} Bxf4+ {[%emt 0:03:33]} 15. Qxf4 {[%emt 0:00:06]} Qa5 {[%emt 0:00:05]} 16. a3 {[%emt 0:01:09]} Bf5 {[%emt 0:02:44]} 17. Bd3 {[%emt 0:01:11]} Bxd3 {[%emt 0:00:28]} 18. Rxd3 {[%emt 0:00:05]} Rae8 {[%emt 0:01:13]} 19. Rhd1 {[%emt 0:01:07]} Re2 {[%emt 0:01:57]} 20. Re3 {[%emt 0:01:57]} Rxe3 {[%emt 0:01:17]} 21. Qxe3 {[%emt 0:00:02]} h6 {[%emt 0:01:23]} 22. Rd7 {[%emt 0:04:45]} b6 {[%emt 0:04:50]} 23. g4 {[%emt 0:04:19]} Qa4 {[%emt 0:09:16]} 24. Qd3 {[%emt 0:12:32]} Re8 {[%emt 0:07:18]} 25. Kb1 {[%emt 0:03:15]} b5 {[%emt 0:07:36]} 26. cxb5 {[%emt 0:07:33]} cxb5 {[%emt 0:00:06]} 27. Rd4 {[%emt 0:01:31]} Qa5 {[%emt 0:00:54]} 28. Ka2 {[%emt 0:01:55]} Qb6 {[%emt 0:02:46]} 29. f3 {[%emt 0:05:40]} Qe6+ {[%emt 0:07:56]} 30. Kb1 {[%emt 0:03:03]} Qe1+ {[%emt 0:00:21]} 31. Ka2 {[%emt 0:00:05]} Qe6+ {[%emt 0:00:04]} 32. Qb3 {[%emt 0:01:31]} a6 {[%emt 0:03:28]} 33. Re4 {[%emt 0:06:36]} Qc6 {[%emt 0:00:58]} 34. Rxe8+ {[%emt 0:06:52]} Qxe8 {[%emt 0:00:08]} 35. Qd5 {[%emt 0:00:04]} g6 {[%emt 0:00:12]} 36. Qd6 {[%emt 0:02:34]} Qe2 {[%emt 0:00:23]} 37. Qxa6 {[%emt 0:02:47]} Qc4+ {[%emt 0:00:11]} 38. Kb1 {[%emt 0:00:15]} Qd3+ {[%emt 0:00:06]} 39. Ka2 {[%emt 0:00:25]} Qc4+ {[%emt 0:00:05]} 40. Ka1 {[%emt 0:00:13]} Qc1+ {[%emt 0:00:05]} 41. Ka2 {[%emt 0:30:04]} 1/2-1/2

[Event "NOR-chT Eliteserien 2018-19"]
[Site "Norway"]
[Date "2019.03.08"]
[Round "7.9"]
[White "Getz, Nicolai"]
[Black "Haug, Johannes"]
[Result "0-1"]
[WhiteElo "2392"]
[BlackElo "2402"]
[Annotator "RC"]
[PlyCount "60"]
[EventDate "2018.11.02"]
[EventType "team-tourn"]
[EventCountry "NOR"]
[SourceTitle "playchess.com"]
[Source "ChessBase"]
[SourceQuality "1"]
[TimeControl "40/5400+30:1800+30"]

1. e4 {[%emt 0:00:00]} e5 {[%emt 0:00:00]} 2. Bc4 {[%emt 0:00:42]} Nc6 {[%emt 0:00:58]} 3. Nc3 {[%emt 0:01:23]} Nf6 {[%emt 0:00:26]} 4. d3 {[%emt 0:00:23]} Na5 {[%emt 0:03:21]} 5. Qf3 {[%emt 0:00:11]} c6 {[%emt 0:03:41]} 6. Nge2 {[%emt 0:00:52]} d6 {[%emt 0:02:46]} 7. Bg5 {[%emt 0:04:20]} Be7 {[%emt 0:08:45]} 8. Ng3 {[%emt 0:07:18]} Bg4 {[%emt 0:11:47]} 9. Qe3 {[%emt 0:00:07]} h6 {[%emt 0:02:35]} 10. Bxf6 {[%emt 0:00:19]} Bxf6 {[%emt 0:00:23]} 11. f3 {[%emt 0:02:13]} Nxc4 {[%emt 0:07:10]} 12. dxc4 {[%emt 0:00:07]} Be6 {[%emt 0:00:08]} 13. Nf5 {[%emt 0:03:26]} g6 {[%emt 0:01:39]} 14. Ng3 {[%emt 0:01:18]} Bxc4 {[%emt 0:00:08]} 15. Rd1 {[%emt 0:02:03]} Be7 {[%emt 0:03:19]} 16. b3 {[%emt 0:03:10]} Be6 {[%emt 0:02:21]} 17. Qd3 {[%emt 0:00:21]} Qb6 {[%emt 0:02:33]} 18. Ke2 {[%emt 0:04:52]} Qa5 {[%emt 0:08:11]} 19. Nf1 {[%emt 0:00:58]} b5 {[%emt 0:02:19]} 20. Ne3 {[%emt 0:00:17]} Rd8 {[%emt 0:00:49]} 21. Kf2 {[%emt 0:09:20]} b4 {[%emt 0:03:13]} 22. Ne2 {[%emt 0:00:14]} O-O {[%emt 0:04:40]} 23. h4 {[%emt 0:03:02]} d5 {[%emt 0:02:30]} 24. h5 {[%emt 0:01:39]} Kg7 {[%emt 0:02:08]} 25. g4 {[%emt 0:05:20]} Qc5 {[%emt 0:01:23]} 26. f4 {[%emt 0:05:05]} dxe4 {[%emt 0:05:57]} 27. Qxe4 {[%emt 0:00:34]} Bd5 {[%emt 0:02:11]} 28. Qxe5+ {[%emt 0:06:44]} Bf6 {[%emt 0:01:09]} 29. Qc7 {[%emt 0:00:19]} Bxh1 {[%emt 0:00:32]} 30. Rxh1 {[%emt 0:00:09]} Rde8 {[%emt 0:00:17]} 0-1

[Event "NOR-chT Eliteserien 2018-19"]
[Site "Norway"]
[Date "2019.03.08"]
[Round "7.10"]
[White "Tryggestad, Andreas Garberg"]
[Black "Ogaard, Leif"]
[Result "0-1"]
[WhiteElo "2333"]
[BlackElo "2382"]
[Annotator "RC"]
[PlyCount "88"]
[EventDate "2018.11.02"]
[EventType "team-tourn"]
[EventCountry "NOR"]
[SourceTitle "playchess.com"]
[Source "ChessBase"]
[SourceQuality "1"]
[TimeControl "40/5400+30:1800+30"]

1. d4 {[%emt 0:00:00]} Nf6 {[%emt 0:03:26]} 2. c4 {[%emt 0:00:00]} e6 {[%emt 0:00:22]} 3. Nf3 {[%emt 0:00:00]} d5 {[%emt 0:03:46]} 4. Nc3 {[%emt 0:00:58]} Be7 {[%emt 0:00:40]} 5. Bg5 {[%emt 0:00:10]} O-O {[%emt 0:00:20]} 6. Qc2 {[%emt 0:00:07]} Nbd7 {[%emt 0:01:30]} 7. cxd5 {[%emt 0:00:30]} exd5 {[%emt 0:00:33]} 8. e3 {[%emt 0:00:20]} c6 {[%emt 0:00:16]} 9. Bd3 {[%emt 0:00:35]} Re8 {[%emt 0:00:14]} 10. h3 {[%emt 0:00:42]} Nf8 {[%emt 0:00:13]} 11. O-O-O {[%emt 0:00:49]} Be6 {[%emt 0:05:46]} 12. Bf4 {[%emt 0:01:01]} Rc8 {[%emt 0:03:37]} 13. Kb1 {[%emt 0:02:14]} b5 {[%emt 0:05:28]} 14. g4 {[%emt 0:00:20]} Qa5 {[%emt 0:00:56]} 15. Nd2 {[%emt 0:03:44]} a6 {[%emt 0:02:55]} 16. Bh2 {[%emt 0:07:21]} c5 {[%emt 0:06:27]} 17. dxc5 {[%emt 0:00:19]} Bxc5 {[%emt 0:00:26]} 18. Nb3 {[%emt 0:00:16]} Qb6 {[%emt 0:00:14]} 19. Nxc5 {[%emt 0:01:59]} Rxc5 {[%emt 0:00:07]} 20. Qd2 {[%emt 0:02:18]} Ne4 {[%emt 0:03:54]} 21. Bxe4 {[%emt 0:06:54]} dxe4 {[%emt 0:00:10]} 22. Qd4 {[%emt 0:15:31]} Qc6 {[%emt 0:03:04]} 23. Qd6 {[%emt 0:07:52]} Bc4 {[%emt 0:06:35]} 24. b4 {[%emt 0:03:16]} Bd3+ {[%emt 0:02:16]} 25. Rxd3 {[%emt 0:00:09]} exd3 {[%emt 0:00:14]} 26. Qxc6 {[%emt 0:17:44]} Rxc6 {[%emt 0:00:09]} 27. Nd5 {[%emt 0:00:53]} d2 {[%emt 0:12:01]} 28. Rd1 {[%emt 0:00:23]} Rh6 {[%emt 0:01:16]} 29. Bg3 {[%emt 0:09:49]} Rxh3 {[%emt 0:04:17]} 30. Nc7 {[%emt 0:00:22]} Re4 {[%emt 0:05:09]} 31. Nxa6 {[%emt 0:00:18]} Rh6 {[%emt 0:02:20]} 32. Nc7 {[%emt 0:00:13]} Rc6 {[%emt 0:07:19]} 33. Nd5 {[%emt 0:01:30]} Rc1+ {[%emt 0:00:46]} 34. Rxc1 {[%emt 0:00:07]} dxc1=Q+ {[%emt 0:00:10]} 35. Kxc1 {[%emt 0:00:03]} Rxg4 {[%emt 0:00:17]} 36. Kb2 {[%emt 0:08:22]} h5 {[%emt 0:00:22]} 37. a4 {[%emt 0:00:05]} bxa4 {[%emt 0:00:15]} 38. b5 {[%emt 0:00:02]} Nd7 {[%emt 0:00:20]} 39. Bf4 {[%emt 0:01:02]} Rg2 {[%emt 0:01:43]} 40. Bg3 {[%emt 0:00:28]} g5 {[%emt 0:01:23]} 41. b6 {[%emt 0:30:25]} Nxb6 {[%emt 0:30:22]} 42. Nxb6 {[%emt 0:00:11]} h4 {[%emt 0:00:37]} 43. Be5 {[%emt 0:00:17]} Rxf2+ {[%emt 0:00:09]} 44. Ka3 {[%emt 0:00:07]} g4 {[%emt 0:00:34]} 0-1

[Event "NOR-chT Eliteserien 2018-19"]
[Site "Norway"]
[Date "2019.03.08"]
[Round "7.11"]
[White "Galinsky, Timofey"]
[Black "Nordquelle, Daniel"]
[Result "1-0"]
[WhiteElo "2369"]
[BlackElo "2235"]
[Annotator "NA RC"]
[PlyCount "117"]
[EventDate "2018.11.02"]
[EventType "team-tourn"]
[EventCountry "NOR"]
[SourceTitle "playchess.com"]
[Source "ChessBase"]
[SourceQuality "1"]
[TimeControl "40/5400+30:1800+30"]

{[%evp 13,117,68,131,134,180,65,367,208,247,256,32767,32767,32767,32767,142,32767,136,123,122,141,141,32767,222,88,72,60,74,61,70,64,70,40,68,47,98,93,80,59,53,0,32767,74,70,15,32767,3,7,25,12,5,8,0,74,69,66,32767,32767,66,32767,32767,32767,75,32767,32767,32767,0,0,0,32767,32767,0,0,0,0,0,0,32767,32767,81,32767,32767,32767,32767,32767,32767,32767,32767,32767,32767,32767,32767,32767,32767,32767,32767,32767,0,32767,32767,32767,32767,0,29975,32767,29978,576]} 1. g3 {[%emt 0:00:00]} d5 {[%emt 0:00:00]} 2. Bg2 {[%emt 0:00:00]} Nf6 {[%emt 0:00:05]} 3. Nf3 {[%emt 0:01:28]} Bf5 {[%emt 0:01:47]} 4. d3 {[%emt 0:02:17]} h6 {[%emt 0:00:07]} 5. O-O {[%emt 0:01:17]} e6 {[%emt 0:00:58]} 6. c4 {[%emt 0:01:59] A07: Réti Opening: New York and Capablanca Systems} (6. Nbd2 Be7 7. b3 O-O 8. Bb2 c5 9. Re1 Nc6 10. e4 Bh7 11. Ne5 Nxe5 12. Bxe5 Rc8 13. a4 b6 14. h3 Re8 15. f4 a6 16. Qe2 b5 17. axb5 axb5 {1-0 (32) Maghsoodloo,P (2584)-Van Wely,L (2675) Bandar e Anzali 2017}) 6... Bd6 {[%emt 0:03:50]} 7. Nc3 $146 {[%emt 0:08:54]} ({Predecessor:} 7. Qb3 b6 8. cxd5 exd5 9. Nc3 c6 10. Nd4 Bh7 11. Re1 O-O 12. Bd2 Re8 13. Rac1 {0-1 (39) Figueroa,H (2005)-Silva,C Thessaloniki 1988}) 7... c5 {[%emt 0:09:27]} 8. Nh4 {[%emt 0:03:42]} Bg4 {[%emt 0:40:37]} 9. cxd5 {[%emt 0:06:09]} ({Only move:} 9. h3 $18 Bh5 10. cxd5) 9... g5 $2 {[%emt 0:02:13]} (9... exd5 $14 10. Nxd5 Nxd5) 10. Qa4+ {[%emt 0:02:10]} (10. dxe6 $142 fxe6 11. Bxb7) 10... Kf8 {[%emt 0:05:27]} 11. dxe6 {[%emt 0:06:51]} Nc6 {[%emt 0:07:32]} 12. Nf3 {[%emt 0:03:48]} Bxe6 {[%emt 0:00:18]} 13. Bd2 {[%emt 0:03:08]} a6 {[%emt 0:00:45]} 14. Ne4 {[%emt 0:04:44]} b5 {[%emt 0:01:16]} 15. Qc2 {[%emt 0:00:29]} Nxe4 {[%emt 0:02:05]} 16. dxe4 {[%emt 0:00:05]} Rc8 {[%emt 0:06:03]} 17. Rfd1 {[%emt 0:03:35]} Qe7 {[%emt 0:02:02]} (17... Nd4 $16 18. Nxd4 cxd4) 18. Be3 {[%emt 0:04:22]} (18. Bc3 $18 {is the precise move to win.} Rg8 19. e5) 18... Kg7 {[%emt 0:01:53]} 19. a3 {[%emt 0:03:20]} f6 {[%emt 0:01:19]} 20. h4 {[%emt 0:05:46]} Rhd8 {[%emt 0:01:37]} 21. hxg5 {[%emt 0:01:09]} hxg5 {[%emt 0:00:09]} 22. Qc3 {[%emt 0:05:01]} Kg6 {[%emt 0:00:49]} 23. Rac1 {[%emt 0:05:09]} Bc4 {[%emt 0:02:11]} 24. Qc2 {[%emt 0:00:59]} Kg7 {[%emt 0:02:02]} 25. b3 {[%emt 0:04:19]} Be6 {[%emt 0:00:06]} 26. Qb2 {[%emt 0:00:38]} Kg6 {[%emt 0:01:46]} 27. Qb1 {[%emt 0:04:21]} Kg7 {[%emt 0:00:41]} 28. Bd2 {[%emt 0:00:56]} g4 {[%emt 0:02:46]} 29. Nh4 {[%emt 0:00:29]} Nd4 $1 {[%emt 0:00:38]} 30. e5 {[%emt 0:00:08]} Bxe5 {[%emt 0:01:35]} 31. Bh6+ {[%emt 0:07:10]} Kg8 {[%emt 0:00:05]} 32. Rxd4 {[%emt 0:02:06]} cxd4 {[%emt 0:01:32]} (32... Rxd4 $11 33. Qg6+ Kh8) 33. Rxc8 {[%emt 0:00:29]} Rxc8 {[%emt 0:00:12]} 34. Qg6+ {[%emt 0:04:07]} Kh8 {[%emt 0:00:10]} 35. Nf5 {[%emt 0:00:04]} Bxf5 {[%emt 0:01:19]} 36. Qxf5 {[%emt 0:00:04]} Rc7 {[%emt 0:01:00]} 37. Qxg4 {[%emt 0:02:44]} Qh7 {[%emt 0:01:19]} 38. Bd5 {[%emt 0:00:12]} f5 {[%emt 0:00:37]} 39. Qh4 {[%emt 0:00:16]} (39. Qg5 $16 Rd7 {[#]} 40. Be4 $1 {[%mdl 512]}) 39... Rd7 {[%emt 0:00:36]} 40. f4 $1 {[%emt 0:03:00]} Rxd5 {[%emt 0:00:33]} 41. fxe5 {[%emt 0:30:06]} Qg6 {[%emt 0:02:31]} 42. Bg5+ {[%emt 0:00:00]} Kg8 {[%emt 0:02:09]} 43. Bf6 {[%emt 0:00:00]} Kf7 {[%emt 0:00:46]} 44. Kf2 $1 {[%emt 0:00:00]} a5 {[%emt 0:08:11]} 45. Qh1 {[%emt 0:00:00]} Ke6 {[%emt 0:01:00]} 46. Qh8 {[%emt 0:00:00]} Qf7 {[%emt 0:00:34]} 47. Qc8+ {[%emt 0:00:00]} Qd7 {[%emt 0:00:13]} 48. Qg8+ {[%emt 0:00:00]} Qf7 {[%emt 0:00:06]} 49. Qa8 {[%emt 0:00:00]} Qd7 {[%emt 0:00:36]} 50. g4 {[%emt 0:00:00]} Kf7 {[%emt 0:04:20]} 51. Qh8 {[%emt 0:00:00]} fxg4 {[%emt 0:03:49]} 52. Qg7+ {[%emt 0:00:00]} Ke6 {[%emt 0:00:03]} 53. Qg8+ {[%emt 0:00:00]} Kf5 {[%emt 0:00:07]} 54. Kg3 {[%emt 0:00:00]} Ke4 {[%emt 0:00:57]} 55. e6 {[%emt 0:00:00]} Qd6+ {[%emt 0:04:27]} 56. Kg2 {[%emt 0:00:00]} Re5 {[%emt 0:00:38]} 57. Qh7+ {[%emt 0:00:00]} Ke3 $2 {[%emt 0:03:47]} (57... Kd5 $11 58. Bxe5 Qxe5 59. Qd7+ {[%mdl 64] Double Attack} Qd6) 58. Bg5+ {[%emt 0:00:00]} Rxg5 {[%emt 0:00:53]} 59. Qd3+ $18 {[%emt 0:00:00]} 1-0

[Event "NOR-chT Eliteserien 2018-19"]
[Site "Norway"]
[Date "2019.03.08"]
[Round "7.12"]
[White "Christenson, Flemming"]
[Black "Elseth, Roar"]
[Result "1/2-1/2"]
[WhiteElo "2204"]
[BlackElo "2278"]
[Annotator "NA RC"]
[PlyCount "66"]
[EventDate "2018.11.02"]
[EventType "team-tourn"]
[EventCountry "NOR"]
[SourceTitle "playchess.com"]
[Source "ChessBase"]
[SourceQuality "1"]
[TimeControl "40/5400+30:1800+30"]

{[%evp 13,66,-18,-10,-4,-4,-1,0,3,32767,32767,32767,32767,0,0,10,0,0,32767,25,13,12,4,11,4,32767,32767,32767,27,32767,-3,8,0,44,0,32767,0,32767,-8,0,-6,0,0,10,10,20,-32,32767,-32,0,32767,32767,-17,0,-7,0]} 1. d4 {[%emt 0:00:00]} d5 {[%emt 0:00:00]} 2. Bf4 {[%emt 0:00:00]} c5 {[%emt 0:00:54]} 3. e3 {[%emt 0:01:37]} Nc6 {[%emt 0:00:49]} 4. Nc3 {[%emt 0:02:39]} cxd4 {[%emt 0:04:04]} 5. exd4 {[%emt 0:00:17]} Bf5 {[%emt 0:00:41]} 6. Nf3 {[%emt 0:02:21] B13: Caro-Kann: Exchange Variation and Panov-Botvinnik Attack} e6 {[%emt 0:03:19]} 7. Bd3 {[%emt 0:04:15]} Bxd3 {[%emt 0:09:29]} 8. Qxd3 {[%emt 0:01:01]} Rc8 $146 {[%emt 0:00:40]} ({Predecessor:} 8... Nf6 9. Ne5 Be7 10. O-O O-O 11. Ne2 Rc8 12. c3 Nxe5 13. Bxe5 {½-½ (28) Gareyev,T (2592)-Nguyen,A (2468) Surakarta 2018}) 9. O-O {[%emt 0:01:32]} Bd6 {[%emt 0:06:52]} 10. Bxd6 {[%emt 0:03:30]} Qxd6 {[%emt 0:00:08]} 11. a3 {[%emt 0:00:13]} Nge7 {[%emt 0:04:00]} 12. Rae1 {[%emt 0:03:41]} a6 {[%emt 0:11:48]} 13. Nd1 {[%emt 0:04:40]} Ng6 {[%emt 0:03:55]} 14. c3 {[%emt 0:00:44]} O-O {[%emt 0:00:51]} 15. Ng5 {[%emt 0:13:04]} Nce7 {[%emt 0:00:25]} 16. g3 {[%emt 0:04:37]} h6 {[%emt 0:01:53]} 17. Nf3 {[%emt 0:02:08]} Qb6 {[%emt 0:04:07]} 18. h4 {[%emt 0:02:52]} Nc6 {[%emt 0:05:48]} 19. h5 {[%emt 0:02:19]} Nge7 {[%emt 0:00:13]} 20. Nh4 {[%emt 0:05:42]} Na5 {[%emt 0:01:19]} 21. f4 {[%emt 0:03:20]} Nc4 {[%emt 0:03:39]} 22. Re2 {[%emt 0:00:22]} Nd6 {[%emt 0:01:36]} 23. Nf2 {[%emt 0:03:05]} Nef5 {[%emt 0:02:36]} 24. Nxf5 {[%emt 0:09:09]} exf5 {[%emt 0:02:57]} 25. Qf3 {[%emt 0:02:46]} Ne4 {[%emt 0:00:56]} 26. Nd3 {[%emt 0:01:54]} Qb5 {[%emt 0:00:45]} 27. Rg2 {[%emt 0:00:42]} Qd7 {[%emt 0:02:37]} 28. Ne5 {[%emt 0:00:53]} Qe6 {[%emt 0:00:06]} 29. Kh1 {[%emt 0:02:36]} Kh7 {[%emt 0:02:15]} 30. Rfg1 {[%emt 0:02:29]} Nf6 {[%emt 0:04:33]} 31. Re2 {[%emt 0:04:01]} Ne4 {[%emt 0:00:35]} 32. Reg2 {[%emt 0:01:52]} Nf6 {[%emt 0:01:09]} 33. Re2 {[%emt 0:01:13]} Ne4 $11 {[%emt 0:00:00]} 1/2-1/2

[Event "NOR-chT Eliteserien 2018-19"]
[Site "Norway"]
[Date "2019.03.08"]
[Round "7.13"]
[White "Galchenko, Matvey"]
[Black "Urkedal, Frode Olav Olsen"]
[Result "0-1"]
[WhiteElo "2361"]
[BlackElo "2512"]
[Annotator "TA"]
[PlyCount "118"]
[EventDate "2018.11.02"]
[EventType "team-tourn"]
[EventCountry "NOR"]
[SourceTitle "playchess.com"]
[Source "ChessBase"]
[SourceQuality "1"]

{[%evp 18,118,-5,0,0,0,0,-4,0,0,0,0,0,0,0,0,0,-47,-47,-44,-37,-59,-49,-43,-55,-60,-50,-90,-84,-93,-91,-100,-95,-107,-93,-127,-122,-109,-112,-127,-113,-114,-93,-106,-92,-93,-88,-93,-90,-92,-93,-93,-93,-93,-90,-87,-86,-86,-87,-111,-80,-124,-91,-109,-94,-116,-96,-95,-94,-133,-133,-131,-144,-135,-111,-112,-111,-131,-105,-111,-114,-169,-150,-184,-157,-266,-202,-201,-201,-390,-387,-354,-345,-412,-366,-347,-316,-510,-510,-461,-407,-4722,-2874]} 1. c4 e5 2. g3 Nf6 3. Bg2 Nc6 4. Nc3 Bb4 5. Nd5 O-O 6. Nxb4 {A25: English Opening vs King's Indian with ...Nc6 but without early d3} Nxb4 7. a3 (7. d3 d6 8. a3 Nc6 9. b4 h6 10. Bb2 Re8 11. e3 e4 12. dxe4 Nxe4 13. Ne2 Bf5 {1-0 (46) Donchenko,A (2581)-Zhigalko,S (2610) Porticcio 2018}) 7... Nc6 8. d3 d5 9. cxd5 Nxd5 10. Nf3 {LiveBook: 3 Games} a5 {[%cal Ba7a5,Ba5a4][%mdl 32]} 11. O-O Bg4 $146 ({Predecessor:} 11... Re8 12. Ng5 h6 13. Ne4 a4 14. Bd2 Nd4 {½-½ (14) Pavlov,M (2342)-Shkuro,I (2415) Alushta 2008}) 12. Qb3 Nb6 13. Bg5 Qd7 14. Be3 a4 15. Qc2 Nd5 16. Bc5 Rfe8 17. Rfe1 b6 $36 {[%mdl 2048] Black has good play.} 18. Be3 Na5 {[%cal Bc6a5,Ba5b3,Bb3d4][%mdl 32]} 19. Nd2 Be6 20. Rac1 Rac8 21. Nc4 Nb3 22. Rcd1 f6 23. Bd2 Nd4 24. Qb1 Bg4 25. f3 Be6 26. Ne3 Nxe3 27. Bxe3 c5 28. Bf2 Bd5 29. Qc1 Re7 30. Qd2 Rce8 (30... Bb3 {keeps more tension.} 31. Rb1 Rd8 32. Kh1 Bf7 33. e4 Nb3) 31. e4 Bf7 32. Bxd4 Qxd4+ ({Reject} 32... cxd4 $6 33. Rc1 $11) 33. Qf2 Qd6 34. f4 Rd8 35. Bf1 Qc7 36. Rc1 Rd4 37. Rc3 Qd6 38. Qe3 Re8 39. Rc2 h6 40. Rf2 b5 {[%cal Bb6b5,Bb5b4][%mdl 32]} 41. Rc2 Bb3 42. Rf2 b4 43. Ra1 exf4 44. Qxf4 Re5 45. Qf3 Qd7 46. Rc1 Kh7 47. Be2 Be6 48. Bf1 Qd6 49. h4 (49. Qe3 $17) 49... f5 {[%cal Rf5e4]} 50. Rfc2 Bd7 51. Rc4 (51. Rf2 $17 {might work better.}) 51... Rxc4 52. Rxc4 Bb5 53. Rc1 $2 {[#]} (53. Rc2) 53... fxe4 $1 $19 54. dxe4 Bxf1 55. Rxf1 {KQR-KQR} Qd4+ 56. Rf2 Qxe4 ({Not} 56... Rxe4 57. Qf5+ g6 58. Qf8 $11) 57. axb4 $2 {[#]} (57. Kf1) 57... cxb4 58. Qxe4+ Rxe4 59. Rf8 (59. Kf1 $142 a3 60. bxa3 bxa3 61. Ra2) 59... Re1+ {Precision: White = 49%, Black = 80%.} 0-1

[Event "NOR-chT Eliteserien 2018-19"]
[Site "Norway"]
[Date "2019.03.08"]
[Round "7.14"]
[White "Ranaldi, Lucas"]
[Black "Mikalsen, Erlend"]
[Result "1/2-1/2"]
[WhiteElo "2230"]
[BlackElo "2357"]
[Annotator "RC"]
[PlyCount "102"]
[EventDate "2018.11.02"]
[EventType "team-tourn"]
[EventCountry "NOR"]
[SourceTitle "playchess.com"]
[Source "ChessBase"]
[SourceQuality "1"]
[TimeControl "40/5400+30:1800+30"]

1. Nf3 {[%emt 0:00:00]} d5 {[%emt 0:00:00]} 2. d4 {[%emt 0:00:00]} Nf6 {[%emt 0:00:00]} 3. c4 {[%emt 0:00:00]} e6 {[%emt 0:00:00]} 4. Nc3 {[%emt 0:00:00]} Be7 {[%emt 0:02:36]} 5. g3 {[%emt 0:00:00]} O-O {[%emt 0:03:58]} 6. Bg2 {[%emt 0:00:00]} c6 {[%emt 0:11:57]} 7. O-O {[%emt 0:00:02]} Nbd7 {[%emt 0:01:40]} 8. Qd3 {[%emt 0:00:05]} Qa5 {[%emt 0:08:54]} 9. Nd2 {[%emt 0:05:17]} Rd8 {[%emt 0:01:50]} 10. Rd1 {[%emt 0:06:29]} Rb8 {[%emt 0:16:56]} 11. cxd5 {[%emt 0:12:45]} exd5 {[%emt 0:05:42]} 12. Nb3 {[%emt 0:00:19]} Qb6 {[%emt 0:04:52]} 13. Bf4 {[%emt 0:00:45]} Ra8 {[%emt 0:00:05]} 14. Qc2 {[%emt 0:10:30]} a5 {[%emt 0:03:38]} 15. Na4 {[%emt 0:07:04]} Qb5 {[%emt 0:01:48]} 16. Nbc5 {[%emt 0:02:03]} Nxc5 {[%emt 0:03:05]} 17. dxc5 {[%emt 0:00:45]} Bf5 {[%emt 0:01:44]} 18. Qxf5 {[%emt 0:01:47]} Qxa4 {[%emt 0:00:07]} 19. Bc7 {[%emt 0:11:13]} Re8 {[%emt 0:01:19]} 20. Be5 {[%emt 0:05:13]} Qb5 {[%emt 0:04:59]} 21. Bxf6 {[%emt 0:22:08]} Bxf6 {[%emt 0:00:21]} 22. e3 {[%emt 0:00:18]} a4 {[%emt 0:03:42]} 23. Rab1 {[%emt 0:00:35]} Qxc5 {[%emt 0:00:32]} 24. Bf1 {[%emt 0:02:04]} Qe7 {[%emt 0:05:13]} 25. Bd3 {[%emt 0:02:14]} g6 {[%emt 0:00:14]} 26. Qf3 {[%emt 0:00:08]} Bg7 {[%emt 0:01:50]} 27. h4 {[%emt 0:00:39]} h5 {[%emt 0:00:27]} 28. Qe2 {[%emt 0:01:34]} Qc7 {[%emt 0:05:32]} 29. Qc2 {[%emt 0:02:36]} Re7 {[%emt 0:00:54]} 30. Kg2 {[%emt 0:00:41]} Qb6 {[%emt 0:02:56]} 31. Be2 {[%emt 0:04:27]} Re4 {[%emt 0:02:11]} 32. a3 {[%emt 0:02:04]} Qd8 {[%emt 0:03:05]} 33. b3 {[%emt 0:01:29]} Qe7 {[%emt 0:01:57]} 34. b4 {[%emt 0:00:01]} Re6 {[%emt 0:00:24]} 35. Bf3 {[%emt 0:00:51]} Be5 {[%emt 0:01:34]} 36. Rd3 {[%emt 0:00:19]} Kg7 {[%emt 0:01:08]} 37. b5 {[%emt 0:00:54]} Ra5 {[%emt 0:00:41]} 38. bxc6 {[%emt 0:00:11]} bxc6 {[%emt 0:00:15]} 39. Rb6 {[%emt 0:01:17]} c5 {[%emt 0:00:36]} 40. Rb1 {[%emt 0:00:39]} d4 {[%emt 0:00:41]} 41. Rb7 {[%emt 0:01:45]} Qd6 {[%emt 0:01:13]} 42. Qc4 {[%emt 0:02:47]} Re7 {[%emt 0:05:08]} 43. Rxe7 {[%emt 0:03:07]} Qxe7 {[%emt 0:00:04]} 44. Bc6 {[%emt 0:03:19]} Qa7 {[%emt 0:04:15]} 45. Bd5 {[%emt 0:01:51]} f5 {[%emt 0:02:57]} 46. e4 {[%emt 0:01:52]} f4 {[%emt 0:03:50]} 47. Rf3 {[%emt 0:00:13]} Qd7 {[%emt 0:04:31]} 48. Be6 {[%emt 0:11:06]} Qd6 {[%emt 0:00:29]} 49. Bd5 {[%emt 0:01:06]} Qd7 {[%emt 0:06:06]} 50. Be6 {[%emt 0:00:01]} Qd6 {[%emt 0:00:16]} 51. Bd5 {[%emt 0:00:02]} Qd7 {[%emt 0:00:28]} 1/2-1/2